| 000 | 00000nam##2200000za#4500 |
| 001 | 9.615345 |
| 003 | CaOODSP |
| 005 | 20200514165622 |
| 007 | ta |
| 008 | 150406|2000||||xxc||||| f|0| 0 eng|d |
| 020 | |a0-662-29434-3 |
| 040 | |aCaOODSP|beng |
| 043 | |an-cn--- |
| 086 | 1 |aNH18-23/63E |
| 110 | 2 |aCanada Mortgage and Housing Corporation. |
| 245 | 10|aMunicipal planning for affordable housing |
| 260 | |aOttawa - Ontario : |bCanada Mortgage and Housing Corporation |c2000. |
| 300 | |a5p. ; |c28 cm. |
| 490 | 1 |aResearch highlight. Socio-economic series |v63 |
| 563 | |aPamphlet |
| 590 | |a00-42|b2000-10-20 |
| 690 | 07|aHousing|2gcpds |
| 690 | 07|aCosts|2gcpds |
| 690 | 07|aUrban planning|2gcpds |
| 775 | 08|tPlanification municipale axée sur l'abordabilité du logement |w(CaOODSP)9.625445 |
| 776 | 0#|tMunicipal planning for affordable housing |w(CaOODSP)9.571742 |
| 830 | #0|aResearch highlight. Socio-economic series ;|v63|w(CaOODSP)9.514827 |
| 986 | |aNHA 2266 |